[Event "Europe Echecs online op April"]
[Site "Europe Echecs INT"]
[Date "2020.04.11"]
[Round "5"]
[White "Bardy, Vincent"]
[Black "Van Hoolandt, Patrick"]
[Result "1-0"]
[WhiteElo "2152"]
[BlackElo "2076"]
[PlyCount "63"]
[EventDate "2020.04.11"]
[EventType "swiss (blitz)"]
[EventRounds "11"]
[EventCountry "FRA"]
[SourceTitle "EXT 2021"]
[Source "ChessBase"]
[SourceDate "2020.10.23"]
[SourceVersion "1"]
[SourceVersionDate "2020.10.23"]
[SourceQuality "1"]

1. e4 e5 2. f4 Bc5 3. Nf3 d6 4. Bc4 Nf6 5. Nc3 0-0 6. d3 Nc6 7. Na4 Bb6 8. Nxb6 axb6 9. c3 Na5 10. Bb3 Nxb3 11. Qxb3 Be6 12. c4 Bg4 13. 0-0 Nd7 14. f5 Nc5 15. Qc2 f6 16. Be3 Qe8 17. h3 Bh5 18. g4 Bf7 19. Kh2 Kh8 20. b3 Ra3 21. Rg1 Qa8 22. Bxc5 dxc5 23. g5 fxg5 24. Nxg5 Bg8 25. Rg2 Qe8 26. Rag1 Qh5 27. Ne6 Bxe6 28. fxe6 Rg8 29. Qf2 Raa8 30. Qf7 Qh6 31. e7 Rae8 32. Rxg7 1-0

[Event "Hauts de Seine-ch"]
[Site "Issy les Moulineaux"]
[Date "2013.06.16"]
[Round "3"]
[White "Bardy, Vincent"]
[Black "Afraoui, Solenn"]
[Result "0-1"]
[WhiteElo "2082"]
[BlackElo "1983"]
[PlyCount "120"]
[EventDate "2013.06.15"]
[EventType "swiss"]
[EventRounds "5"]
[EventCountry "FRA"]
[SourceTitle "EXT 2015"]
[Source "ChessBase"]
[SourceDate "2014.11.20"]
[SourceVersion "1"]
[SourceVersionDate "2014.11.20"]
[SourceQuality "1"]

1. e4 c5 2. d4 cxd4 3. c3 dxc3 4. Nxc3 e6 5. Nf3 a6 6. Bc4 b5 7. Bb3 Bb7 8. Qe2 d6 9. 0-0 Be7 10. Be3 Nd7 11. Nd4 Nc5 12. Bc2 Nf6 13. f3 0-0 14. Rfd1 Qc7 15. Rac1 Rac8 16. b4 Ncd7 17. Bb3 Qb8 18. g4 Ne5 19. g5 Ne8 20. f4 Nc4 21. Rd3 Qa8 22. Bf2 Nc7 23. Rh3 g6 24. Qg4 f5 25. exf5 exf5 26. Qh4 Rf7 27. Re1 Re8 28. Ncxb5 axb5 29. Nxb5 Nxb5 30. Bxc4 Bd5 31. Bxb5 Rc8 32. Rhe3 Be4 33. a4 d5 34. Rb3 Bd6 35. Rb2 Qb8 36. Bg3 Qb6+ 37. Bf2 Qc7 38. Be3 Qc3 39. Qf2 Bxb4 40. Rf1 Rfc7 41. h4 Ba3 42. Ra2 d4 43. Bxd4 Qh3 44. Qh2 Qg4+ 45. Rg2 Bxg2 46. Qxg2 Qxg2+ 47. Kxg2 Rc2+ 48. Rf2 Bc1 49. Be5 Rxf2+ 50. Kxf2 Rc2+ 51. Kf3 Bd2 52. h5 gxh5 53. Bd7 h4 54. Bxf5 Rc1 55. Kg4 Be1 56. Be6+ Kf8 57. Bd6+ Ke8 58. f5 Rd1 59. Bc5 Rc1 60. Be3 Ra1 0-1

[Event "Hauts de Seine-ch"]
[Site "Issy les Moulineaux"]
[Date "2013.06.16"]
[Round "5"]
[White "Bardy, Vincent"]
[Black "Delerme, Raymond"]
[Result "0-1"]
[WhiteElo "2082"]
[BlackElo "1757"]
[PlyCount "108"]
[EventDate "2013.06.15"]
[EventType "swiss"]
[EventRounds "5"]
[EventCountry "FRA"]
[SourceTitle "EXT 2015"]
[Source "ChessBase"]
[SourceDate "2014.11.20"]
[SourceVersion "1"]
[SourceVersionDate "2014.11.20"]
[SourceQuality "1"]

1. e4 d6 2. d4 Nf6 3. Nc3 g6 4. f4 Bg7 5. Nf3 0-0 6. Bd3 Na6 7. 0-0 c5 8. d5 Nc7 9. Bd2 Bg4 10. h3 Bxf3 11. Qxf3 e6 12. Rae1 exd5 13. exd5 Qd7 14. a4 a6 15. a5 Rae8 16. f5 Rxe1 17. Bxe1 g5 18. Bd2 h6 19. Bc4 Nb5 20. Bxb5 axb5 21. Re1 Re8 22. b3 Rxe1+ 23. Bxe1 Qe8 24. Bg3 b4 25. Nb1 Ne4 26. Qe2 Bd4+ 27. Kh2 Be5 28. Bxe5 Qxe5+ 29. Kg1 Qxf5 30. Nd2 Nc3 31. Qd3 Qxd3 32. cxd3 f5 33. Nc4 Nb5 34. Kf2 Kf7 35. g3 h5 36. h4 Kf6 37. hxg5+ Kxg5 38. Ke3 Kg4 39. Kf2 f4 40. gxf4 Kxf4 41. Kg2 h4 42. Kf2 h3 43. Kg1 Kf3 44. Kh2 Ke2 45. Kxh3 Kxd3 46. Kg2 Kc3 47. Kf2 Kxb3 48. Nb6 Kc3 49. Na4+ Kb3 50. Nb6 c4 51. Ke2 c3 52. Kd1 Kb2 53. Nc4+ Kb1 54. Ne3 b3 0-1

[Event "Paris-ch"]
[Site "Paris"]
[Date "2006.07.12"]
[Round "2"]
[White "Pozdnjakov, Evgueniy"]
[Black "Bardy, Vincent"]
[Result "0-1"]
[WhiteElo "2240"]
[BlackElo "2051"]
[PlyCount "104"]
[EventDate "2006.07.08"]
[EventType "swiss"]
[EventRounds "9"]
[EventCountry "FRA"]
[SourceTitle "EXT 2007"]
[Source "ChessBase"]
[SourceDate "2006.11.23"]
[SourceVersion "1"]
[SourceVersionDate "2006.11.23"]
[SourceQuality "1"]

1. d4 Nf6 2. Nf3 g6 3. c4 Bg7 4. Nc3 d5 5. cxd5 Nxd5 6. e4 Nxc3 7. bxc3 c5 8. Rb1 0-0 9. Be2 cxd4 10. cxd4 Qa5+ 11. Bd2 Qxa2 12. 0-0 Bg4 13. Bg5 h6 14. Be3 Nc6 15. d5 Ne5 16. Rxb7 e6 17. Re1 Bxf3 18. gxf3 Rfd8 19. f4 Nc4 20. Bd4 Bxd4 21. Qxd4 exd5 22. Bxc4 Qxc4 23. Qxc4 dxc4 24. Rc1 Rd4 25. f3 a5 26. Rc7 a4 27. R7xc4 Rxc4 28. Rxc4 a3 29. Rc1 a2 30. Ra1 Kg7 31. h4 Kf6 32. Kf2 Ra3 33. Kg3 h5 34. Kf2 Ke6 35. Kg3 Kd6 36. f5 Ke5 37. fxg6 fxg6 38. Kf2 Kf4 39. Kg2 Ra7 40. Kh3 Ra6 41. Kg2 Ke3 42. Kg3 Kd4 43. Kf4 Kc3 44. Kg5 Kb2 45. Re1 Kc3 46. Ra1 Kd4 47. Kf4 Ra5 48. e5 Kd5 49. Kg5 Kxe5 50. Kxg6 Kf4 51. Rxa2 Rxa2 52. Kxh5 Rh2 0-1

[Event "Paris-ch"]
[Site "Paris"]
[Date "2004.07.05"]
[Round "3"]
[White "Bardy, Vincent"]
[Black "Calistri, Tristan"]
[Result "0-1"]
[WhiteElo "1977"]
[BlackElo "2332"]
[PlyCount "50"]
[EventDate "2004.07.03"]
[EventType "swiss"]
[EventRounds "9"]
[EventCountry "FRA"]
[SourceTitle "CBM 101 Extra"]
[Source "ChessBase"]
[SourceDate "2004.09.01"]
[SourceVersion "2"]
[SourceVersionDate "2004.09.01"]
[SourceQuality "1"]

1. e4 c5 2. Nf3 Nc6 3. d4 cxd4 4. Nxd4 e5 5. Nb5 d6 6. N1c3 a6 7. Na3 Nf6 8. Bg5 b5 9. Nd5 Be7 10. Bxf6 Bxf6 11. c3 Bg5 12. Nc2 0-0 13. a4 bxa4 14. Rxa4 a5 15. Bb5 Ne7 16. Ncb4 Be6 17. Nxe7+ Qxe7 18. Bc6 Rab8 19. Rxa5 Qc7 20. Qa4 Bc4 21. Bd5 Bc1 22. b3 Bxb3 23. Qa1 Bxd5 24. Na6 Qc4 25. Ra4 Qd3 0-1